| 000 | 01004cab a2200181 4500 | ||
|---|---|---|---|
| 001 | L131051 | ||
| 008 | 050923n2005 000 0 eng u | ||
| 035 | _a(Sirsi) u131051 | ||
| 041 | 0 | _aeng | |
| 100 | 1 | _aLynch, Russ | |
| 245 | 0 | 0 | _aCould bidding costs kill PFI? |
| 260 | _c2005 | ||
| 490 | 0 |
_aConstruction News _v (6933) 8 September 2005, 14-15(2) |
|
| 520 | _aDiscusses what can be done to encourage contractors to use government procurement programme, as costs and lengthy process involved in PFI bidding discourages them. Representatives of the Major Contractors' Group suggest more standardisation and less detailed design at start of bidding process, which leads to vastly expensive and largely wasted outlay. Often two complete schemes are drawn up for final submission, only for one to be completely discarded. Business Services Association also suggests crackdown on consultant's fees, which increase cost of process. | ||
| 590 | _aIKA270905 | ||
| 690 |
_aProcurement _96260 |
||
| 942 | _n0 | ||
| 999 |
_c75924 _d75924 |
||